سلسلة قصص عظماء الصحابة للناشئة / (رقم التسجيلة. 9137)
[ عرض عادي ]
| 000 -LEADER | |
|---|---|
| fixed length control field | 01019nam a22003017a 4500 |
| 005 - DATE AND TIME OF LATEST TRANSACTION | |
| control field | 20251108164320.0 |
| 008 - FIXED-LENGTH DATA ELEMENTS--GENERAL INFORMATION | |
| fixed length control field | 250721s2006 xx 000 0 ara d |
| 082 14 - DEWEY DECIMAL CLASSIFICATION NUMBER | |
| Classification number | ط/ق/كيل |
| 100 1# - MAIN ENTRY--PERSONAL NAME | |
| Personal name | كيلو، عبد الرزاق مصطفى |
| Relator term | مؤلف |
| 245 10 - TITLE STATEMENT | |
| Title | سلسلة قصص عظماء الصحابة للناشئة / |
| 246 13 - VARYING FORM OF TITLE | |
| Title proper/short title | عبد الله بن مسعود |
| 246 13 - VARYING FORM OF TITLE | |
| Title proper/short title | سعد بن معاذ |
| 246 13 - VARYING FORM OF TITLE | |
| Title proper/short title | المقداد بن الاسود |
| 246 13 - VARYING FORM OF TITLE | |
| Title proper/short title | خباب بن الارث |
| 246 13 - VARYING FORM OF TITLE | |
| Title proper/short title | سعد بن ابي وقاس |
| 246 13 - VARYING FORM OF TITLE | |
| Title proper/short title | صهيب بن سنان |
| 246 13 - VARYING FORM OF TITLE | |
| Title proper/short title | عثمان بن مظعون |
| 246 13 - VARYING FORM OF TITLE | |
| Title proper/short title | أبي ذر الغفاري |
| 246 13 - VARYING FORM OF TITLE | |
| Title proper/short title | أسامة بن زيد |
| 264 1# - PRODUCTION, PUBLICATION, DISTRIBUTION, MANUFACTURE, AND COPYRIGHT NOTICE | |
| Place of production, publication, distribution, manufacture | دمشق : |
| Name of producer, publisher, distributor, manufacturer | دار المحبة، |
| Date of production, publication, distribution, manufacture, or copyright notice | 2006. |
| 650 17 - SUBJECT ADDED ENTRY--TOPICAL TERM | |
| Topical term or geographic name as entry element | القصص |
| 650 17 - SUBJECT ADDED ENTRY--TOPICAL TERM | |
| Topical term or geographic name as entry element | الصحابه |
| 650 17 - SUBJECT ADDED ENTRY--TOPICAL TERM | |
| Topical term or geographic name as entry element | السيره النبويه |
| 653 ## - INDEX TERM--UNCONTROLLED | |
| Uncontrolled term | اطفال مرحله متوسطه (6-9) سنوات |
| 700 1# - ADDED ENTRY--PERSONAL NAME | |
| Personal name | مارديني، عبد الرحيم |
| 942 ## - ADDED ENTRY ELEMENTS (KOHA) | |
| Source of classification or shelving scheme | Dewey Decimal Classification |
| Koha item type | كتب |
| حالة السحب | حالة الفقدان | مصدر التصنيف | حالة التلف | غير قابل للإعارة | المكتبة الرئيسية | المكتبة الحالية | موقع الرف | تاريخ التزويد | الرقم المتسلسل | Total Checkouts | رقم الإستدعاء | الباركود | تاريخ آخر ظهور | تاريخ الفاتورة | نوع المادة (كوها) |
|---|---|---|---|---|---|---|---|---|---|---|---|---|---|---|---|
| Dewey Decimal Classification | مكتبة أم المؤمنين للأطفال | مكتبة أم المؤمنين للأطفال | الأطفال | 18/02/2013 | 1544181 | ط/ق/كيل | PLD00264573 | 28/07/2025 | 18/02/2013 | كتب | |||||
| Dewey Decimal Classification | مكتبةمؤتة | مكتبةمؤتة | الأطفال | 18/02/2013 | 1544180 | ط/ق/كيل | PLD00264572 | 28/07/2025 | 18/02/2013 | كتب |